Responses for Show #2556 - Monday, October 16, 1995

Paul Thompson game 2.

Contestants

[<< previous game]

Yvonne Dyess, a teacher from Houston, Texas

Doug Bukowski, a historian from Oak Park, Illinois

Paul Thompson, a personnel manager from Cheverly, Maryland (whose 1-day cash winnings total $13,801)

[next game >>]

Jeopardy! Round responses

FAMOUS AMERICANS
BUSINESS & INDUSTRY
FASHION HISTORY
THE MOVIES
COINS
ANAGRAMS
    $100 4
George Gershwin

Yvonne
    $100 1
Toyota

Yvonne
    $100 16
parasols

Paul
    $100 11
Rebel Without a Cause

Paul
    $100 17
Mexico

Paul
    $100 26
the Alps (from pals)

Doug
    $200 5
Brigham Young

Doug
    $200 2
the Hawaiian Islands

Paul
    $200 22
their feet

Doug
    $200 12
(Doug: What's Fourth of July?)
(Alex: Well, I'll give you--)
(Doug: What is [*]?)
(Alex: Pardon?)
(Doug: [*]?)

Born on the Fourth of July

Doug
    $200 18
Marconi

Yvonne
    $200 27
study (from dusty)

Triple Stumper
    $300 6
(Yvonne: Who is John Jay?)

John Marshall

DougYvonne
    $300 3
(Doug: What's Texas Instruments?)

RadioShack

DougYvonne
    $300 23
Sarah Bernhardt

Doug
    $300 13
Michael Caine

Paul
    $300 19
South Africa

Paul
    $300 28
a meteor (from remote)

Doug
    $400 7
Jim Thorpe

Paul
    $400 8
(Ray) Kroc

Doug
    $400 24
trapeze

Yvonne
    $400 14
the Rainforest

Yvonne
    $400 20
Greece

Doug
    $400 29
garnets (from strange)

Paul
    $500 9
Johns Hopkins

Paul
    $500 10
Mattel

Yvonne
    $500 25
Lynda Bird Johnson

Paul
    $500 15
Seven Brides for Seven Brothers

Yvonne
    $500 21
Philadelphia

Yvonne
    $500 30
(Doug: What's stupid?)
[Laughter]
(Alex: Probably did, but it's not an anagram of a word in our clue.)

cheater (from teacher)

Doug
Triple Stumper

Scores at the first commercial break (after clue 15):

Paul Doug Yvonne
$1,500 $800 $1,600

Scores at the end of the Jeopardy! Round:

Paul Doug Yvonne
$2,900 $1,600 $2,700

Double Jeopardy! Round responses

THE 1960s
ARCHAEOLOGY
FICTION
WORLD CAPITALS
GOURMET CUISINE
HODGEPODGE
    $200 2
the Berlin Wall

Doug
    $200 16
Easter Island

Paul
    $200 6
Jaws

Paul
    $200 11
Hanoi

Paul
    $200 26
(Paul: What is lox?)

caviar

PaulYvonne
    $200 18
Vesuvius

Paul
    $400 3
(Muammar) Gaddafi

Paul
    $400 17
cave paintings

Paul
    $400 7
(John) Irving

Paul
    $400 12
Cairo

Paul
    $400 27
[The end-of-round signal sounds.]

Peach Melba

Yvonne
    $400 22
(Doug: Who is Cortes?)

Pizarro

DougYvonne
    $600 4
(Thurgood) Marshall

Doug
    $600 21
(Alex: We have a minute to go.)

Hammurabi

Paul
    $600 8
Robert James Waller

Triple Stumper
    $600 13
Damascus

Doug
    $600 23
mauve

Yvonne
    $800 1
Paul VI

Paul
    $800 19
Williamsburg

Paul
    $800 9
(Paul: Uh, what is The Caine Mutiny?)

The Hope

Paul
Triple Stumper
    $800 14
Brasília

Doug
    $800 24
Boys Town

Paul
    $1000 5
Ceylon (Sri Lanka)

Paul
    $1,200 20
Paleolithic

Paul
    $1000 10
Tennessee Williams

Triple Stumper
    $2,000 15
(Doug: Now I'd like BASEBALL.)

Beirut

Doug
    $1000 25
(Mary) Matalin

Doug

Scores at the end of the Double Jeopardy! Round:

Paul Doug Yvonne
$9,500 $6,400 $4,300

[wagering suggestions for these scores]

Final Jeopardy! Round responses

DOGS
YvonneWhat the Pointer?
$4,000
DougWhat is Patsy my bassett?
$6,399
PaulWhat is aardvark
$3,301
a Rhodesian Ridgeback

Final scores:

Paul Doug Yvonne
$6,199 $1 $300
2-day champion: $20,000 3rd place: Go Video dual deck VCR + Jeopardy! home game + GameTek Jeopardy! 2nd place: Gateway 2000 PC & Bassett computer work station + Jeopardy! home game + GameTek Jeopardy!

Game dynamics:

Coryat scores:

Paul Doug Yvonne
$9,300 $5,400 $4,300
24 R
(including 1 DD),
2 W
15 R
(including 1 DD),
3 W
13 R
(including 1 DD),
1 W

Combined Coryat: $19,000

[game clues] [game scores] [suggest correction]

Game tape date: Unknown
The J! Archive is created by fans, for fans. Scraping, republication, monetization, and malicious use prohibited; this site may use cookies and collect identifying information. See terms. The Jeopardy! game show and all elements thereof, including but not limited to copyright and trademark thereto, are the property of Jeopardy Productions, Inc. and are protected under law. This website is not affiliated with, sponsored by, or operated by Jeopardy Productions, Inc. Join the discussion at JBoard.tv.